00000000nam 2200000zi 4500
0019.936541
003CaOODSP
00520250131115009
006m     o  d f      
007cr |n|||||||||
008240321s1991    onc     ob   f|0| 0 eng d
040 |aCaOODSP|beng|erda|cCaOODSP
043 |an-cn---
0861 |aEn4-698/1991E-PDF
24500|aEnvironmental trends : |byear-end report / |cprepared by: Communications Directorate.
264 1|a[Ottawa] : |bEnvironment Canada = Environnement Canada, |c[1991]
300 |a1 online resource (100 pages)
336 |atext|btxt|2rdacontent
337 |acomputer|bc|2rdamedia
338 |aonline resource|bcr|2rdacarrier
500 |aDigitized edition from print [produced by Environment and Climate Change Canada].
504 |aIncludes bibliographical references.
520 |a"The report is a review and analysis of all public polling results from various syndicated research publications, including the Decima Quarterly Report, the Reid Report, the Environmental Monitor and Focus Canada. The report covers the most recent information on environmental issues, up to December 1991"--Preface.
650 0|aEnvironmental protection|zCanada|xCitizen participation.
650 6|aEnvironnement|xProtection|zCanada|xParticipation des citoyens.
7101 |aCanada. |bEnvironment Canada, |eissuing body.
85640|qPDF|s4.29 MB|uhttps://publications.gc.ca/collections/collection_2025/eccc/en4/En4-698-1991-eng.pdf